| 000 | 00557nam a2200205Ia 4500 | ||
|---|---|---|---|
| 003 | GCL | ||
| 008 | 140319s9999 xx 000 0 eng d | ||
| 020 | _a5010019418 | ||
| 040 |
_aGCL / _cGCL |
||
| 082 | 0 | 4 |
_a341.3 _bG W |
| 100 | 1 | _aGHALI, BOUTROS BOUTROS | |
| 245 | 1 | 0 |
_aWILL WE SURVIVE ? / _cGHALI, BOUTROS BOUTROS |
| 700 | 1 | _aGROMYKO, ANATOLY | |
| 260 |
_aروسيا : _bPROGRESS PUBLISHERS ، _c1989 |
||
| 300 |
_a24 CM ؛ _c2 COPY |
||
| 650 | 0 | 4 | _aINTERNATIONAL RELATIONS |
| 650 | 0 | 4 | _aHUMAN RIGHTS |
| 650 | 0 | 4 | _aPOLITICAL SCIENCE |
| 942 |
_2ddc _cBK |
||
| 999 |
_c772 _d772 |
||